<?xml version="1.0" encoding="UTF-8"?>
<record
    xmlns:xsi="http://www.w3.org/2001/XMLSchema-instance"
    xsi:schemaLocation="http://www.loc.gov/MARC21/slim http://www.loc.gov/standards/marcxml/schema/MARC21slim.xsd"
    xmlns="http://www.loc.gov/MARC21/slim">

  <leader>00749nam a22002177a 4500</leader>
  <controlfield tag="005">20240325160017.0</controlfield>
  <controlfield tag="008">240325b           ||||| |||| 00| 0 eng d</controlfield>
  <datafield tag="020" ind1=" " ind2=" ">
    <subfield code="a">9789352869169</subfield>
  </datafield>
  <datafield tag="040" ind1=" " ind2=" ">
    <subfield code="c">AIMIT LIBRARY</subfield>
  </datafield>
  <datafield tag="082" ind1=" " ind2=" ">
    <subfield code="2">1</subfield>
    <subfield code="a">005.768</subfield>
    <subfield code="b">CHED</subfield>
  </datafield>
  <datafield tag="100" ind1=" " ind2=" ">
    <subfield code="a">Chen, Daniel Y.</subfield>
    <subfield code="9">156761</subfield>
  </datafield>
  <datafield tag="245" ind1=" " ind2=" ">
    <subfield code="a">Pandas for Everyone /</subfield>
    <subfield code="b">python data analysis</subfield>
    <subfield code="c">By Daniel Y. Chen</subfield>
  </datafield>
  <datafield tag="250" ind1=" " ind2=" ">
    <subfield code="a">1st ed.</subfield>
    <subfield code="b">Pearson Addison Wesley Data &amp; Analytics Series</subfield>
  </datafield>
  <datafield tag="260" ind1=" " ind2=" ">
    <subfield code="a">Noida ;</subfield>
    <subfield code="b">Pearson India Education Services Pvt. Ltd.</subfield>
    <subfield code="c">2022</subfield>
  </datafield>
  <datafield tag="300" ind1=" " ind2=" ">
    <subfield code="a">xvii, 376p. ;</subfield>
    <subfield code="b">PB :</subfield>
    <subfield code="c">23.5 cm.</subfield>
  </datafield>
  <datafield tag="650" ind1=" " ind2=" ">
    <subfield code="a">Python Data Analysis</subfield>
    <subfield code="9">156762</subfield>
  </datafield>
  <datafield tag="650" ind1=" " ind2=" ">
    <subfield code="a">Data Manipulation</subfield>
    <subfield code="9">156763</subfield>
  </datafield>
  <datafield tag="650" ind1=" " ind2=" ">
    <subfield code="a">Data Munging</subfield>
    <subfield code="9">156764</subfield>
  </datafield>
  <datafield tag="650" ind1=" " ind2=" ">
    <subfield code="a">Data Modelling</subfield>
    <subfield code="9">156765</subfield>
  </datafield>
  <datafield tag="942" ind1=" " ind2=" ">
    <subfield code="2">ddc</subfield>
    <subfield code="c">BK</subfield>
    <subfield code="e">1st</subfield>
    <subfield code="k">005.768 CHED</subfield>
  </datafield>
  <datafield tag="999" ind1=" " ind2=" ">
    <subfield code="c">230611</subfield>
    <subfield code="d">230611</subfield>
  </datafield>
  <datafield tag="952" ind1=" " ind2=" ">
    <subfield code="0">0</subfield>
    <subfield code="1">0</subfield>
    <subfield code="2">ddc</subfield>
    <subfield code="4">0</subfield>
    <subfield code="7">0</subfield>
    <subfield code="8">MCA</subfield>
    <subfield code="a">AIMIT</subfield>
    <subfield code="b">AIMIT</subfield>
    <subfield code="d">2024-03-07</subfield>
    <subfield code="e">Biblios Book Point</subfield>
    <subfield code="g">740.00</subfield>
    <subfield code="i">Bill no:8337; Bill dt:2024-03-04</subfield>
    <subfield code="l">0</subfield>
    <subfield code="o">005.768 CHED</subfield>
    <subfield code="p">MCA17264</subfield>
    <subfield code="r">2025-07-21 00:00:00</subfield>
    <subfield code="v">592.00</subfield>
    <subfield code="w">2024-03-04</subfield>
    <subfield code="y">BK</subfield>
  </datafield>
</record>
